WWI Countries - Statistics

General Stats
  • This quiz has been taken 522 times
  • The average score is 11 of 14
Answer Stats
Strength (# of People) Answer % Correct
12,000,000 Russian Empire
99%
8,841,541 British Empire
98%
8,660,000 French Third Republic
98%
13,250,000 German Empire
98%
4,743,826 United States
96%
5,093,140 Italy
92%
2,998,321 Ottoman Empire
82%
7,800,000 Austria-Hungary
78%
800,000 Empire of Japan
76%
380,000 Belgium
67%
250,000 Greece
67%
707,343 Kingdom of Serbia
65%
1,200,000 Bulgaria
64%
1,234,000 Romania
60%
No matching quizzes found
Score Distribution
Percent of People with Each Score
Percentile by Number Answered
Your Score History
You have not taken this quiz